Inferno / (Record no. 350)

MARC details
000 -LÍDER
campo de controle de tamanho fixo 01869nam a2200373 4500
001 - NÚMERO DE CONTROLE
campo de controle 350
003 - IDENTIFICADOR DO NÚMERO DE CONTROLE
campo de controle OSt
005 - DATA E HORÁRIO DA ÚLTIMA TRANSAÇÃO
campo de controle 20250528074018.0
008 - CAMPO DE DADOS FIXOS--INFORMAÇÃO GERAL
campo de controle de tamanho fixo 250401b |||||||g |||| 00| 1 eng d
020 ## - ISBN - INTERNATIONAL STANDARD BOOK NUMBER
ISBN - International Standard Book Number 9788580411522
040 ## - FONTE DA CATALOGAÇÃO
Idioma da catalogação por
041 ## - CÓDIGO DE IDIOMA
Código do idioma do original e/ou traduções intermediárias do texto eng
Código do idioma do texto/trilha sonora ou título diferente por
082 ## - CDD - CLASSIFICAÇÃO DECIMAL DE DEWEY
Número de Classificação 813
Número do exemplar B877s
100 1# - ENTRADA PRINCIPAL--NOME PESSOAL
Nome pessoal Brown, Dan,
Datas associadas ao nome 1964-
9 (RLIN) 179
240 ## - TÍTULO UNIFORME
Título uniforme Inferno
245 ## - TÍTULO
Título Inferno /
Indicação de responsabilidade, etc. Brown, Dan ; Tradução de Fabiano Morais e Fernanda Abreu
260 ## - PUBLICAÇÃO, DISTRIBUIÇÃO, ETC.
Local de publicação, distribuição, etc. São Paulo
Nome do editor, distribuidor, etc. Arqueiro
Data da publicação, distribuição, etc. 2013
300 ## - DESCRIÇÃO FÍSICA
Extensão 443 p.
490 1# - TÍTULO DA SÉRIE
Título da série Saga Robert Langdon
Número do volume ou designação sequencial da série Livro 04
500 ## - NOTA GERAL
Nota geral Inferno<br/><br/>Sequência de: O Símbolo Perdido
520 ## - NOTA DE RESUMO, ETC.
Resumo, etc. <br/>Neste fascinante thriller, Dan Brown retoma a mistura magistral de história, arte, códigos e símbolos que o consagrou em "O Código Da Vinci", "Anjos e Demônios" e "O Símbolo Perdido" e faz de Inferno sua aposta mais alta até o momento.<br/><br/>No coração da Itália, Robert Langdon, o professor de Simbologia de Harvard, é arrastado para um mundo angustiante centrado numa das obras literárias mais duradouras e misteriosas da história: O Inferno, de Dante Alighieri.<br/><br/>Numa corrida contra o tempo, ele luta contra um adversário assustador e enfrenta um enigma engenhoso que o leva para uma clássica paisagem de arte, passagens secretas e ciência futurística. Tendo como pano de fundo poema de Dante, e mergulha numa caçada frenética para encontrar respostas e decidir em quem confiar, antes que o mundo que conhecemos seja destruído.
650 #0 - ASSUNTO--TERMO TÓPICO
Cabeçalho tópico ou nome geográfico Literatura Americana
9 (RLIN) 84
650 #0 - ASSUNTO--TERMO TÓPICO
Cabeçalho tópico ou nome geográfico Suspense
9 (RLIN) 10
650 #0 - ASSUNTO--TERMO TÓPICO
Cabeçalho tópico ou nome geográfico Mistério
9 (RLIN) 42
650 #0 - ASSUNTO--TERMO TÓPICO
Cabeçalho tópico ou nome geográfico Aventura
9 (RLIN) 47
650 #0 - ASSUNTO--TERMO TÓPICO
Cabeçalho tópico ou nome geográfico Vírus
9 (RLIN) 728
650 #0 - ASSUNTO--TERMO TÓPICO
Cabeçalho tópico ou nome geográfico Amnésia
9 (RLIN) 729
655 #0 - TERMO DE ÍNDICE--GÊNERO E FORMA
Gênero/forma/ou termo foco Romance
655 #0 - TERMO DE ÍNDICE--GÊNERO E FORMA
Gênero/forma/ou termo foco Ficção
700 ## - ENTRADA ADICIONADA - NOME PESSOAL
Nome pessoal Fernanda Abreu
Função do autor por extenso Tradutor
9 (RLIN) 185
700 ## - ENTRADA ADICIONADA - NOME PESSOAL
Nome pessoal Fabiano Morais
Função do autor por extenso Tradutor
9 (RLIN) 727
830 ## - ENTRADA SECUNDÁRIA DE SÉRIE--TÍTULO UNIFORME
Título uniforme Saga Robert Langdon
9 (RLIN) 181
Número do volume ou designação sequencial da série Livro 04
942 ## - ELEMENTOS DE ENTRADA ADICIONADOS (KOHA)
Fonte de classificação ou esquema de arquivamento Classificação decimal de Dewey
Ocultar no OPAC Não
Tipo de material Koha Livros
Holdings
Situação do descarte Situação das perdas Fonte de classificação ou esquema de arquivamento Materiais especificados (volume encadernado ou outra parte) Status danificado Não pode ser emprestado Coleção Biblioteca de origem Biblioteca atual Localização na estante Data de aquisição Fonte de aquisição Total de empréstimos Número de chamada completo Código de barras Data de último acesso Data do preço efetivo Tipo de material Koha
    Classificação decimal de Dewey Livro 04     Ficção Biblioteca Professor Eduardo Afonso de Castro Biblioteca Professor Eduardo Afonso de Castro Literatura Estrangeira 14.03.2022 doação   813 / B877i 2025-16566 01.04.2025 01.04.2025 Livros
    Classificação decimal de Dewey       Ficção Biblioteca Professor Eduardo Afonso de Castro Biblioteca Professor Eduardo Afonso de Castro Infanto Juvenil 20.05.2026 doação   813 / B877i 2026-17453 20.05.2026 20.05.2026 Livros

Powered by Koha